World History for Dummies #4 - Statistics

General Stats
  • This quiz has been taken 158 times
  • The average score is 12 of 15
Answer Stats
Hint Answer % Correct
What is Japan's currency called? yen
96%
In the 1980s Mikhail Gorbachev was the leader of which country? Russia
93%
What was the name of Bonnie's partner in crime? Clyde
90%
As of 2014, how many times has Hillary Clinton run for President? 1
89%
In which year did the Titanic sink? 1912
87%
Air travel was pioneered by which American brothers? Wright
87%
What did Prohibition, from 1920 until 1933, ban in the United States? Alcohol
85%
Arnold Schwarzenegger served two terms as governor of which US state? California
85%
Which American president was caught up in the 'Watergate' scandal? Richard Nixon
81%
Who was the American president during most of the 1980s? Ronald Reagan
79%
With which country did the United States begin the 'space race' with in the 1950s? Soviet Union
79%
In what year did Joseph Stalin die? 1953
73%
Bill Clinton's vice-president was who? Al Gore
52%
In late 1973, who took over as Vice President of the United States? Gerald Ford
44%
Who served as Dwight D. Eisenhower's vice-president? Richard Nixon
35%
No matching quizzes found
Score Distribution
Percent of People with Each Score
Percentile by Number Answered
Your Score History
You have not taken this quiz